| 000 | 00370nam a2200157Ia 4500 | ||
|---|---|---|---|
| 008 | 230312s9999||||xx |||||||||||||| ||und|| | ||
| 020 | _a81-312-2825-8 | ||
| 082 |
_a615.1 _bBEN-P |
||
| 100 | _aJain;Sanjay.K | ||
| 245 | 0 | _aBentley's Pharmaceutics | |
| 260 |
_bElesvier _aIndia _c1 |
||
| 300 | _a762 | ||
| 546 | _aEng. | ||
| 650 |
_aPharmacy _vPharmaceutics |
||
| 942 | _cBK | ||
| 999 |
_c8860 _d8860 |
||